000 00691nam a2200205Ia 4500
003 GCL
008 140319s9999 xx 000 0 ara d
040 _aGCL /
_cGCL
082 0 4 _a953.09
_bن ج
100 1 _aنبيل عبدالحى رضوان
245 1 0 _aجهود العثمانيين لانقاذ الاندلس واسترداده فى مطلع العصر الحديث /
_cنبيل عبدالحى رضوان
260 _a[S.N] :
_bمكتبة الطالب الجامعى ،
_c1988
300 _a570
490 _a
650 0 4 _aتاريخ
650 0 4 _aالحروب الصليبية
650 0 4 _aالاندلس
650 0 4 _aالتاريخ الاسلامى
942 _2ddc
_cBK
999 _c31456
_d31456